000 00791nam a2200205 a 4500
001 000041359
005 20201002034823.0
008 131001s2003 sp 000 0 spa d
020 _a8400081250
040 _aDO-SdBNP
_bspa
_cBNPHU
100 1 _aBallesteros Dorado, Ana Isabel
_968007
245 1 0 _aEspacios del drama romántico Español /
_cAna Isabel Ballesteros Dorado.
260 _aMadrid :
_bConsejo Superior de Investigaciones Científicas,
_c2003.
300 _a287 p. ;
_c24 cm.
490 1 _aAnejos de Revista de Literatura
_v58
504 _aBibliografía : p. 275-287
504 _aIncluye referencias bibliográficas y notas al pie de las páginas
710 1 _aConsejo Superior de Investigaciones Científicas,
_94786
830 0 _aAnejos de Revista de Literatura
_v58
_915426
999 _c40849
_d40849